00375nam a2200145Ia 4500008004100000020001800041041000800059082001700067100002100084245003000105250000600135260005100141300001700192650002000209210716s2009 xx 000 0 und d a9788120336735 aeng a657.046 RATS aRathore, Shirin. aInternational accounting. a2 aNew DelhibPHI Learning private limited.c2009 axiv,490/2012 aAccounting(657)